Catálogo de la Biblioteca Horacio González - Universidad Nacional de General Sarmiento

6 de setiembre de 1930 : (Registro nro. 55028)

Detalles MARC
000 -CABECERA
campo de control de longitud fija 00576ngm a22001930a 4500
001 - NÚMERO DE CONTROL
campo de control PT38523
003 - IDENTIFICADOR DEL NÚMERO DE CONTROL
campo de control AR-LpoUNG
005 - FECHA Y HORA DE LA ÚLTIMA TRANSACCIÓN
campo de control 20210202000523.0
007 - CAMPO FIJO DE DESCRIPCIÓN FÍSICA--INFORMACIÓN GENERAL
campo de control de longitud fija vd cvaizq
008 - DATOS DE LONGITUD FIJA--INFORMACIÓN GENERAL
campo de control de longitud fija 191001suuuu||||ag |||||||||||||||||spa d
040 ## - FUENTE DE LA CATALOGACIÓN
Centro catalogador/agencia de origen AR-LpoUNG
Lengua de catalogación spa
Centro/agencia transcriptor AR-LpoUNG
Normas de descripción aacr
041 ## - CÓDIGO DE LENGUA
Código de lengua del texto/banda sonora o título independiente spa
044 ## - CÓDIGO DEL PAÍS DE LA ENTIDAD EDITORA/PRODUCTORA
Código MARC del país ag
245 10 - MENCIÓN DE TÍTULO
Título 6 de setiembre de 1930 :
Resto del título golpe de estado de Uriburu
260 ## - PUBLICACIÓN, DISTRIBUCIÓN, ETC.
Lugar de publicación, distribución, etc. Buenos Aires :
Nombre del editor, distribuidor, etc. Blackman,
Fecha de publicación, distribución, etc. s.f.
520 ## - SUMARIO, ETC.
Sumario, etc. Una rarísima pieza fílmica realizada por el bando golpista, en ocasión de la ruptura institucional de 1930
905 ## - ELEMENTOS DE DATOS E LOCAL, LDE (RLIN)
a 38523
942 ## - ELEMENTOS DE PUNTO DE ACCESO ADICIONAL (KOHA)
Tipo de ítem Koha DVD

No hay ítems disponibles.